000 00446nam a2200133Ia 4500
005 20260326100046.0
008 260326s9999||||xx |||||||||||||| ||und||
100 _aHernández Castro, Nieves Lucely
245 0 _aLa ConFormación del Habitat de la Vivienda inFormal Desde la técnica constructiva /
_cNieves Lucely Hernández Castro
260 _bUniversidad Nacional de Colombia
300 _a239 p.
650 _aVIVIENDA ECONÓMICA
942 _cBK
999 _c7182
_d7182